000 00332nam a22001457a 4500
008 210311b ||||| |||| 00| 0 eng d
020 _a9780195102970
041 _aeng
080 _24th
_a611
082 _24th
_a611
100 _a7
101 _aANA
245 _aLachman's Case Studies in Anatomy
_cCahill,R.D
942 _2udc
_cBK
999 _c56390
_d56390